| 000 | 00841nam a22001817a 4500 | ||
|---|---|---|---|
| 999 |
_c63500 _d63500 |
||
| 003 | Ge_BSU | ||
| 005 | 20251020154322.0 | ||
| 008 | 251020s1971 ge ||||| |||| 00| 0 geo d | ||
| 041 | _ageo | ||
| 080 | _a633.72(479.22) ს-52 | ||
| 100 |
_aსიორიძე, რ. _926074 |
||
| 245 |
_aჩაი და ციტრუსები სიმდიდრის წყაროა : _b[ნარკვევი ქობულეთის მშრომელებზე] / _cრ. სიორიძე. |
||
| 264 |
_aთბილისი : _bსაბჭოთა საქართველო, _c1971. |
||
| 300 |
_a41 გვ. ; _b17 სმ. |
||
| 653 | _aმეჩაიეობა საქართველოში | ||
| 653 | _aმეხილეობა საქართველოში | ||
| 942 |
_2udc _cᲬᲘᲒᲜᲘ |
||